02714nam a22002537a 4500003000400000005001700004008004100021022001400062040001700076041000800093100003400101245005900135260003700194300001700231490004300248520167400291630004401965650002602009650002102035856015102056942000802207952023002215999001502445OSt20260511114827.0260420b |||||||| |||| 00| 0 eng d a0017-8012 aTBSbENcTBS aeng aBernstein, Amy926942eauthor aConflict is inevitable : deal with itc/ Amy Bernstein bHarvard Business Review, c2025. b16-16 pages. aHarvard Business Reviewvvol.103, no.4 aFew of us relish conflict. It’s discomfiting and stressful. It’s also inevitable in any workplace, especially now, when social and political tensions sharply divide the world. In a recent survey by the Society for Human Resource Management, 76% of employees said they had witnessed acts of incivility in the past month, and 13% had encountered it daily. Discord on the job costs businesses an estimated $2 billion a day in lost productivity and absenteeism. This thorny situation calls for leaders to develop a new competency: conflict intelligence, the ability to manage and resolve all types of disagreements. Conflict intelligence can provide an antidote to today’s low levels of employee engagement and its consequences. As Peter T. Coleman, the director of Columbia’s Morton Deutsch International Center for Cooperation and Conflict Resolution, explains in this issue’s cover story, leaders with high conflict intelligence not only excel at dispute resolution but also “create workplace environments where team members experience greater job satisfaction, empowerment, and well-being.” They shape organizations for the better in other ways too, fostering creative and constructive cultures where people learn to navigate uncertainty and manage their stress. In other words, conflict intelligence is a critical driver of resilience and innovation, and Coleman describes seven ways that you can improve yours. With all the strife roiling our day-to-day lives, who doesn’t feel like shutting down emotionally? But that’s not an option. To thrive, we all have to confront conflict head-on and learn how to turn it to our organizations’ advantage. 0aB2 PBT Conflict Management (BiM)926895 0aWork environment9742 0aEmployees924911 uhttps://hub.tbs-education.fr/login?url=https://search.ebscohost.com/login.aspx?direct=true&site=eds-live&scope=site&db=bth&AN=185880770&scope=site 2lcc 00102lcc40708CTaTBSbTBSd2026-05-11l0r2026-05-11uhttps://hub.tbs-education.fr/login?url=https://search.ebscohost.com/login.aspx?direct=true&site=eds-live&scope=site&db=bth&AN=185880770&scope=sitew2026-05-11yARTICLE c5424d5424